[Event "Trevias op 23rd"]
[Site "Trevias"]
[Date "2017.09.19"]
[Round "2"]
[White "Monge Garcia, Carlos Eloy"]
[Black "Martinez Rodriguez, Pablo"]
[Result "0-1"]
[WhiteElo "1884"]
[BlackElo "2273"]
[PlyCount "100"]
[EventDate "2017.09.18"]
[EventType "swiss"]
[EventRounds "7"]
[EventCountry "ESP"]
[SourceTitle "CBM 180 Extra"]
[Source "ChessBase"]
[SourceDate "2017.10.06"]
[SourceVersion "1"]
[SourceVersionDate "2017.10.06"]
[SourceQuality "1"]

1. d4 c5 2. e3 Nf6 3. Nf3 g6 4. Be2 Bg7 5. 0-0 0-0 6. b3 b6 7. Bb2 Bb7 8. c4 cxd4 9. exd4 d5 10. Nbd2 Nc6 11. Ne5 Rc8 12. Ndf3 dxc4 13. bxc4 Na5 14. Rc1 Bh6 15. Rc2 Be4 16. Bd3 e6 17. Ng4 Nxg4 18. Bxe4 Nxc4 19. Qe2 Nxb2 20. Rxb2 Qd6 21. Rd1 Rc7 22. h4 Rfc8 23. Rc2 Nf6 24. Rxc7 Rxc7 25. Bb1 Nd5 26. Qe5 Bf4 27. Qxd6 Bxd6 28. Bd3 Nb4 29. Bb1 b5 30. Kf1 h5 31. Ke2 Nd5 32. Kf1 a6 33. Bd3 Nb4 34. Bb1 Kf8 35. g3 Ke7 36. Ke2 Nd5 37. Kf1 Nc3 38. Rc1 Nxb1 39. Rxb1 Rc2 40. Ra1 Ba3 41. Ne1 Rc4 42. Rd1 Kd6 43. Rd3 Bb2 44. Nf3 f6 45. Ke2 Kd5 46. Ke3 Rc3 47. Kd2 Rxd3+ 48. Kxd3 b4 49. Ke3 a5 50. Kd3 a4 0-1

[Event "Madrid-chT 1516"]
[Site "Madrid"]
[Date "2016.03.13"]
[Round "14.34"]
[White "Collado Barbas, Laura"]
[Black "Martinez Rodriguez, Pablo"]
[Result "0-1"]
[WhiteElo "2121"]
[BlackElo "2259"]
[PlyCount "92"]
[EventDate "2015.11.22"]
[EventType "team-tourn"]
[EventRounds "14"]
[EventCountry "ESP"]
[SourceTitle "EXT 2018"]
[Source "ChessBase"]
[SourceDate "2017.10.13"]
[SourceVersion "1"]
[SourceVersionDate "2017.10.13"]
[SourceQuality "1"]
[WhiteTeam "La Casa del Ajedrez"]
[BlackTeam "Collado Villalba"]
[WhiteTeamCountry "ESP"]
[BlackTeamCountry "ESP"]

1. d4 b6 2. c4 Bb7 3. Nc3 e6 4. e4 Bb4 5. Qc2 Nc6 6. Nf3 e5 7. d5 Nd4 8. Qd3 Nxf3+ 9. Qxf3 Qf6 10. Qg3 d6 11. Be2 Qg6 12. 0-0 Qxg3 13. hxg3 Bxc3 14. bxc3 Nf6 15. Bd3 0-0 16. f4 Nd7 17. Ba3 f6 18. Rab1 exf4 19. gxf4 Rae8 20. Rbe1 Ba6 21. Rf2 g6 22. g3 Kg7 23. Rb2 Rh8 24. Kf2 h5 25. Rh1 Rb8 26. Rb3 Rh7 27. Be2 Rbh8 28. Bc1 h4 29. gxh4 Rxh4 30. Rxh4 Rxh4 31. Kg3 Rh1 32. Rb1 Nc5 33. Kg2 Rh8 34. e5 fxe5 35. fxe5 dxe5 36. Be3 Ne4 37. Rb3 Bc8 38. Bf3 Rh3 39. Bxb6 Rg3+ 40. Kh2 Rxf3 41. Bxc7 Rf2+ 42. Kg1 Bh3 43. Bxe5+ Kh6 44. Bd4 Rg2+ 45. Kf1 Rxa2+ 46. Ke1 Bg4 0-1

[Event "Madrid-chT 1314"]
[Site "Madrid"]
[Date "2014.03.02"]
[Round "12.46"]
[White "Blasco de la Cruz, Luis"]
[Black "Martinez Rodriguez, Pablo"]
[Result "0-1"]
[WhiteElo "2002"]
[BlackElo "2277"]
[PlyCount "112"]
[EventDate "2013.11.16"]
[EventType "team-tourn"]
[EventRounds "14"]
[EventCountry "ESP"]
[SourceTitle "EXT 2015"]
[Source "ChessBase"]
[SourceDate "2014.11.20"]
[SourceVersion "1"]
[SourceVersionDate "2014.11.20"]
[SourceQuality "1"]
[WhiteTeam "Villalba 64"]
[BlackTeam "Collado Villalba"]
[WhiteTeamCountry "ESP"]
[BlackTeamCountry "ESP"]

1. d4 d6 2. Nf3 Nd7 3. Bf4 Ngf6 4. h3 g6 5. e3 Bg7 6. Bd3 0-0 7. Nbd2 c5 8. c3 b6 9. 0-0 Bb7 10. Re1 Rc8 11. Rc1 Nd5 12. Bh2 cxd4 13. exd4 Bh6 14. Qe2 Re8 15. Rcd1 Nf4 16. Bxf4 Bxf4 17. Ba6 Qc7 18. Bxb7 Qxb7 19. Qe4 Qxe4 20. Rxe4 Bh6 21. Rde1 e6 22. R4e2 d5 23. Nf1 b5 24. Ne3 Nb6 25. g3 Rc7 26. Ne5 Rec8 27. Nd3 Na4 28. Nd1 a5 29. a3 Bf8 30. f3 Rb8 31. Kg2 b4 32. axb4 axb4 33. Nxb4 Bxb4 34. cxb4 Rxb4 35. b3 Rxb3 36. Ra2 Nb6 37. Re3 Rb4 38. Rd3 Kg7 39. Ne3 Na4 40. Kf2 Rc1 41. Nd1 Nb6 42. Ke2 Nc4 43. Rc3 Rxc3 44. Nxc3 Nd6 45. g4 Rxd4 46. Ra6 Nc4 47. Nb5 Rd2+ 48. Kf1 g5 49. Ra7 Kf6 50. Kg1 d4 51. Ra4 Ne5 52. Nd6 Nxf3+ 53. Kf1 Rc2 54. Ra7 Ke5 55. Nxf7+ Kf4 56. h4 Kg3 0-1

[Event "Calvia Amateur op 10th"]
[Site "Calvia"]
[Date "2013.10.11"]
[Round "7"]
[White "Martinez Rodriguez, Pablo"]
[Black "Prill, Daniel"]
[Result "0-1"]
[WhiteElo "2277"]
[BlackElo "2181"]
[PlyCount "108"]
[EventDate "2013.10.05"]
[EventType "swiss"]
[EventRounds "9"]
[EventCountry "ESP"]
[SourceTitle "EXT 2014"]
[Source "ChessBase"]
[SourceDate "2013.11.20"]
[SourceVersion "1"]
[SourceVersionDate "2013.11.20"]
[SourceQuality "1"]

1. e4 c6 2. Nf3 d5 3. Nc3 dxe4 4. Ng5 Nd7 5. Ncxe4 Ndf6 6. Bc4 e6 7. 0-0 h6 8. Nxf6+ Nxf6 9. Nf3 Bd6 10. d4 Qc7 11. Qe2 0-0 12. h3 b6 13. Ne5 c5 14. Ng4 Nxg4 15. Qxg4 cxd4 16. Qxd4 Bb7 17. Qg4 Kh8 18. Rd1 Rad8 19. Bd2 Qc6 20. Bc3 e5 21. Bd5 Qc8 22. Qxc8 Bxc8 23. Rd2 f6 24. Rad1 Bf5 25. g4 Bg6 26. Bb3 Be7 27. Rxd8 Rxd8 28. Rxd8+ Bxd8 29. Bb4 Be4 30. Bd6 Kh7 31. c4 Kg6 32. c5 Kg5 33. Be6 Kh4 34. b4 Bc6 35. Bc4 b5 36. Bf1 a5 37. a3 axb4 38. axb4 Kg5 39. Bg2 e4 40. Kh2 f5 41. Kg3 Kf6 42. gxf5 Kxf5 43. h4 Ke6 44. h5 Bf6 45. Bh3+ Kd5 46. f3 e3 47. Bf1 Bc3 48. f4 Be8 49. Bg2+ Ke6 50. Bf1 Bxh5 51. Bxb5 e2 52. Bxe2 Bxe2 53. Bf8 Be1+ 54. Kh2 Kf7 0-1

[Event "Calvia Amateur op 10th"]
[Site "Calvia"]
[Date "2013.10.06"]
[Round "2"]
[White "Martinez Rodriguez, Pablo"]
[Black "Pavlov, Denis1111"]
[Result "1/2-1/2"]
[WhiteElo "2277"]
[BlackElo "2066"]
[PlyCount "65"]
[EventDate "2013.10.05"]
[EventType "swiss"]
[EventRounds "9"]
[EventCountry "ESP"]
[SourceTitle "EXT 2014"]
[Source "ChessBase"]
[SourceDate "2013.11.20"]
[SourceVersion "1"]
[SourceVersionDate "2013.11.20"]
[SourceQuality "1"]

1. g3 g6 2. Bg2 Bg7 3. e4 c5 4. Nf3 Nc6 5. 0-0 d6 6. c3 Nf6 7. Re1 0-0 8. d4 cxd4 9. cxd4 Bg4 10. h3 Bxf3 11. Bxf3 e5 12. dxe5 dxe5 13. Nc3 Qxd1 14. Bxd1 Nd4 15. Be3 Rfd8 16. Kg2 Rac8 17. Rc1 b5 18. Bg4 Rb8 19. Bg5 Rd6 20. Bd1 Rc6 21. Bb3 Nxb3 22. axb3 b4 23. Nd5 Rxc1 24. Nxf6+ Bxf6 25. Bxc1 Bd8 26. Be3 Bb6 27. Kf3 Kf8 28. Rc1 Ke8 29. Bxb6 Rxb6 30. Rc7 Ra6 31. Rb7 Ra2 32. Rxb4 Rxb2 33. Rb8+ 1/2-1/2

[Event "Barcelona Nadal op 3rd"]
[Site "Barcelona"]
[Date "2012.12.30"]
[Round "4"]
[White "Vigo Allepuz, David"]
[Black "Martinez Rodriguez, Pablo"]
[Result "0-1"]
[WhiteElo "2091"]
[BlackElo "2300"]
[PlyCount "96"]
[EventDate "2012.12.27"]
[EventType "swiss"]
[EventRounds "9"]
[EventCountry "ESP"]
[SourceTitle "EXT 2015"]
[Source "ChessBase"]
[SourceDate "2014.11.20"]
[SourceVersion "1"]
[SourceVersionDate "2014.11.20"]
[SourceQuality "1"]

1. d4 d5 2. c4 e6 3. Nc3 Be7 4. Nf3 Nf6 5. Bg5 0-0 6. e3 Nbd7 7. Bd3 dxc4 8. Bxc4 a6 9. a4 h6 10. Bh4 c5 11. 0-0 cxd4 12. Qxd4 Nb6 13. Bb3 Qxd4 14. Nxd4 Bd7 15. Rfd1 Rfd8 16. e4 Kf8 17. a5 Nc8 18. Bg3 Na7 19. Bc7 Rdc8 20. Bb6 Nc6 21. Nf3 Be8 22. h3 Nd7 23. Na4 Bd8 24. Rxd7 Bxd7 25. Nc5 Be8 26. Nxb7 Bxb6 27. axb6 Rcb8 28. Nd6 Rxb6 29. Ba4 Ke7 30. e5 f6 31. Nxe8 Rxe8 32. Rc1 Rc8 33. exf6+ gxf6 34. b3 Na7 35. Rd1 Rd6 36. Re1 Nb5 37. Re4 Nc3 38. Rh4 Nxa4 39. bxa4 Rc2 40. Rxh6 Rc4 41. Rh7+ Kf8 42. h4 Rxa4 43. h5 Rd5 44. g3 Kg8 45. Rh6 Rf5 46. Nh4 Rg4 47. Ng6 Kg7 48. Rh8 Rxg6 0-1

[Event "Albacete op 18th"]
[Site "Albacete"]
[Date "2010.09.18"]
[Round "8"]
[White "Martinez Rodriguez, Pablo"]
[Black "Pogorelov, Ruslan"]
[Result "0-1"]
[WhiteElo "2239"]
[BlackElo "2447"]
[PlyCount "50"]
[EventDate "2010.09.14"]
[EventType "swiss"]
[EventRounds "9"]
[EventCountry "ESP"]
[SourceTitle "CBM 138 Extra"]
[Source "ChessBase"]
[SourceDate "2010.10.29"]
[SourceVersion "1"]
[SourceVersionDate "2010.10.29"]
[SourceQuality "1"]

1. Nf3 Nf6 2. b3 e6 3. Bb2 d5 4. c4 c5 5. g3 Nc6 6. Bg2 d4 7. 0-0 e5 8. e3 Be7 9. exd4 exd4 10. d3 0-0 11. Na3 Bf5 12. Nc2 Qd7 13. Re1 Bd6 14. Qd2 Ng4 15. Nh4 Nge5 16. Nxf5 Qxf5 17. Rad1 Nf3+ 18. Bxf3 Qxf3 19. Re4 Rae8 20. Ne1 Qh5 21. Bc1 f5 22. Rh4 Qg6 23. Nf3 f4 24. Kg2 fxg3 25. hxg3 Re3 0-1

[Event "Albacete op 18th"]
[Site "Albacete"]
[Date "2010.09.14"]
[Round "1"]
[White "Martinez Rodriguez, Pablo"]
[Black "Diaz Ivars, Jose Manuel"]
[Result "1-0"]
[WhiteElo "2239"]
[BlackElo "1785"]
[PlyCount "77"]
[EventDate "2010.09.14"]
[EventType "swiss"]
[EventRounds "9"]
[EventCountry "ESP"]
[SourceTitle "CBM 138 Extra"]
[Source "ChessBase"]
[SourceDate "2010.10.29"]
[SourceVersion "1"]
[SourceVersionDate "2010.10.29"]
[SourceQuality "1"]

1. Nf3 d5 2. c4 e6 3. d4 Nf6 4. Nc3 c5 5. cxd5 Nxd5 6. e3 Nc6 7. Bd3 cxd4 8. exd4 g6 9. 0-0 Bg7 10. Bg5 Qd7 11. Re1 0-0 12. Qd2 b6 13. Nxd5 Qxd5 14. Be4 Qd7 15. Ne5 Bxe5 16. Bxc6 Qxc6 17. dxe5 Bb7 18. f3 Qd5 19. Qf4 Rac8 20. Bf6 Qc5+ 21. Kh1 Rfe8 22. Rad1 Bd5 23. Rd4 Qf8 24. h4 h5 25. Rg1 Rc2 26. g4 Rf2 27. Rxd5 exd5 28. gxh5 Kh7 29. Qg3 Rxb2 30. hxg6+ Kg8 31. gxf7+ Kxf7 32. Qg6+ Ke6 33. Bg7+ Kd7 34. Bxf8 Rxf8 35. Qd6+ Ke8 36. Qe6+ Kd8 37. Qxd5+ Ke8 38. Qe6+ Kd8 39. Rd1+ 1-0

[Event "Almansa op 5th"]
[Site "Almansa"]
[Date "2010.08.10"]
[Round "3"]
[White "Navarro Lopez Menchero, Daniel"]
[Black "Martinez Rodriguez, Pablo"]
[Result "1-0"]
[WhiteElo "2115"]
[BlackElo "2227"]
[PlyCount "72"]
[EventDate "2010.08.09"]
[EventType "swiss"]
[EventRounds "9"]
[EventCountry "ESP"]
[SourceTitle "EXT 2011"]
[Source "ChessBase"]
[SourceDate "2010.11.26"]
[SourceVersion "1"]
[SourceVersionDate "2010.11.26"]
[SourceQuality "1"]

1. e4 c6 2. Ne2 d5 3. e5 Bg4 4. d4 Qb6 5. c3 e6 6. Nd2 Nd7 7. Qa4 Bf5 8. Ng3 Bg6 9. Be2 f6 10. f4 fxe5 11. fxe5 Be7 12. Nh5 Bf8 13. Nf4 Bf7 14. Bg4 Ke7 15. Nf3 Nh6 16. Bh3 Nf5 17. Bxf5 exf5 18. 0-0 Be8 19. Qc2 g6 20. b3 Kd8 21. Re1 Be7 22. a4 Nf8 23. Ba3 Qc7 24. Bxe7+ Qxe7 25. e6 g5 26. Nxg5 Ng6 27. Qxf5 Rf8 28. Nf7+ Bxf7 29. exf7 Qxf7 30. Ne6+ Kc8 31. Qh3 Rh8 32. Nc5+ Kb8 33. Rf1 Qg7 34. Qg3+ Kc8 35. Qd6 Nh4 36. g3 Re8 1-0

[Event "Collado Villalba op-A 25th"]
[Site "Collado Villalba"]
[Date "2008.08.30"]
[Round "9"]
[White "Gago Padreny, Ignacio"]
[Black "Martinez Rodriguez, Pablo"]
[Result "0-1"]
[WhiteElo "2169"]
[BlackElo "2244"]
[PlyCount "54"]
[EventDate "2008.08.22"]
[EventType "swiss"]
[EventRounds "9"]
[EventCountry "ESP"]
[SourceTitle "EXT 2009"]
[Source "ChessBase"]
[SourceDate "2008.11.26"]
[SourceVersion "1"]
[SourceVersionDate "2008.11.26"]
[SourceQuality "1"]

1. d4 Nf6 2. c4 e6 3. Nc3 Bb4 4. e3 c5 5. Bd3 Nc6 6. Nf3 Bxc3+ 7. bxc3 d6 8. 0-0 e5 9. Nd2 0-0 10. h3 Qe7 11. Rb1 Rb8 12. Ba3 b6 13. Qc2 Re8 14. Rfe1 e4 15. Bf1 h5 16. g3 g6 17. Bg2 Bf5 18. Kh2 Kg7 19. Rh1 Rbc8 20. Kg1 cxd4 21. cxd4 Nxd4 22. exd4 e3 23. Qc3 Bxb1 24. Nxb1 exf2+ 25. Kh2 Ng4+ 26. hxg4 hxg4 27. d5+ f6 0-1